Problematika konštituovania subjektu a bezpečnosť medzinárodných vzťahov niektoré reflexie feministickej teórie
Filozofické ponímanie subjektu. Deštrukcia pojmu subjekt v rámci postmoderny druhej polovice 20. storočia. Feministické teoretičky a filozofia J. Butler a jej analýza pojmu subjekt. Formulovanie subjektu v rámci konkrétneho sociálneho kontextu. Diskusia, ktorej aktuálnosť súvisí so stretmi rozdielny...
Salvato in:
| Autore principale: | |
|---|---|
| Natura: | Capitolo di libro |
| Lingua: | slovacco |
| Soggetti: | |
| Tags: |
Nessun Tag, puoi essere il primo ad aggiungerne!!
|
MARC
| LEADER | 00000naa$a2200000$$$4500 | ||
|---|---|---|---|
| 001 | 0053076 | ||
| 005 | 20240611082529.8 | ||
| 041 | 0 | |a slo | |
| 044 | |a SK | ||
| 245 | 1 | 0 | |a Problematika konštituovania subjektu a bezpečnosť medzinárodných vzťahov |b niektoré reflexie feministickej teórie |c Jana Barátová |
| 520 | |a Filozofické ponímanie subjektu. Deštrukcia pojmu subjekt v rámci postmoderny druhej polovice 20. storočia. Feministické teoretičky a filozofia J. Butler a jej analýza pojmu subjekt. Formulovanie subjektu v rámci konkrétneho sociálneho kontextu. Diskusia, ktorej aktuálnosť súvisí so stretmi rozdielnych kultúr a diskusiou v rámci feminizmu. | ||
| 610 | 2 | 0 | |a vzťahy medzinárodné |
| 610 | 2 | 0 | |a bezpečnosť |
| 610 | 2 | 0 | |a politika |
| 610 | 2 | 0 | |a ideológia |
| 610 | 2 | 0 | |a filozofia |
| 610 | 2 | 0 | |a humanizmus |
| 610 | 2 | 0 | |a subjekt |
| 610 | 2 | 0 | |a ženy |
| 610 | 2 | 0 | |a rovnoprávnosť |
| 610 | 2 | 0 | |a história |
| 610 | 2 | 0 | |a kultúra |
| 610 | 2 | 0 | |a identita |
| 100 | 1 | |a Barátová, Jana | |